Polinizadores nativos y visitantes florales del arándano. Guía de observación.

Guardat en:
Dades bibliogràfiques
Autor principal: Gatica-Barrios, Paz Francisca (autora)
Altres autors: Cortés Rivas, Benito (autor), Mesquita Neto, José Neiva (autor), Smith-Ramírez, Cecilia (autora)
Format: Llibre
Idioma:espanyol
Publicat: Santiago, Chile: Universidad de Los Lagos; Instituto de Ecología de Biodiversidad; Universidad Católica del Maule, 2023.
Matèries:
Etiquetes: Afegir etiqueta
Sense etiquetes, Sigues el primer a etiquetar aquest registre!

MARC

LEADER 00000nam a22000007a 4500
003 CL-VaPUC
005 20250327105748.0
008 250327t2023 ||||| |||| 00| 0 spa d
999 |c 447697  |d 447695 
020 |a 978-956-416-278-2 
040 |c Pontificia Universidad Católica de Valparaíso 
082 |2 22  |a 634.737 GAT 2023 
100 |9 897647  |a Gatica-Barrios, Paz Francisca  |e autora 
245 |a Polinizadores nativos y visitantes florales del arándano.  |b Guía de observación. 
260 |a Santiago, Chile:  |b Universidad de Los Lagos;  |b Instituto de Ecología de Biodiversidad;  |b Universidad Católica del Maule,  |c 2023. 
300 |a 57 páginas:  |b ilustraciones. 
500 |a c.1-2: Donación del Prof. Juan Luis Celis. Biblioteca de Agronomía. MEMO AGR. 21-01-2025. 
583 |c 20250327  |k Yessy Sthefany Diaz Vidal 
650 0 |9 645020  |a Arándano azul (Vaccinium Corymbosum L)  |x Polinización  |x Insectos nativos  |z Chile 
700 |9 897648  |a Cortés Rivas, Benito   |e autor 
700 |9 897650  |a Mesquita Neto, José Neiva  |e autor 
700 |9 495986  |a Smith-Ramírez, Cecilia  |e autora 
942 |2 ddc  |c BK  |n 1 
952 |0 0  |1 0  |2 ddc  |4 0  |6 634_737000000000000_GAT_2023  |7 0  |8 A  |9 601951  |a BIBAGR  |b BIBAGR  |d 2025-03-27  |e Donación   |i 5666815  |o 634.737 GAT 2023  |p 5666815  |r 2025-03-27  |t 1  |w 2025-03-27  |y BK  |k AGR 
952 |0 0  |1 0  |2 ddc  |4 0  |6 634_737000000000000_GAT_2023  |7 0  |8 A  |9 601953  |a BIBAGR  |b BIBAGR  |d 2025-03-27  |e Donación  |i 5666816  |o 634.737 GAT 2023  |p 5666816  |r 2025-03-27  |t 2  |w 2025-03-27  |y BK  |k AGR